[Event "FRA-chT3 0405"]
[Site "France"]
[Date "2005.04.03"]
[Round "9"]
[White "Bigot, Bernard"]
[Black "Michel, Fabien"]
[Result "0-1"]
[WhiteElo "1840"]
[BlackElo "1971"]
[PlyCount "96"]
[EventDate "2004.10.10"]
[EventType "team"]
[EventRounds "9"]
[EventCountry "FRA"]
[SourceTitle "EXT 2007"]
[Source "ChessBase"]
[SourceDate "2006.11.23"]
[SourceVersion "1"]
[SourceVersionDate "2006.11.23"]
[SourceQuality "1"]

1. d4 Nf6 2. Nf3 e6 3. Bg5 Be7 4. e3 d5 5. Bd3 Nbd7 6. Nbd2 a6 7. 0-0 c5 8. c3 b5 9. Rc1 c4 10. Bb1 a5 11. e4 Bb7 12. e5 Ng8 13. Be3 b4 14. h3 Bc6 15. Nh2 Nb6 16. Qg4 g6 17. Ndf3 Na4 18. Rc2 h6 19. Bd2 b3 20. axb3 cxb3 21. Rcc1 Nxb2 22. Bxg6 fxg6 23. Qxe6 Qd7 24. Qxg6+ Kd8 25. e6 Qe8 26. Qb1 Nc4 27. Qxb3 Nf6 28. Bf4 a4 29. Qc2 Rg8 30. Ne5 Nxe5 31. Bxe5 Qg6 32. Qxg6 Rxg6 33. f4 a3 34. f5 Rg8 35. Bxf6 Bxf6 36. Ng4 Ke7 37. Nxh6 Rg3 38. Ng4 a2 39. Kh2 Rd3 40. Nxf6 Kxf6 41. g4 Rb8 42. Kg2 Rb2+ 43. Rf2 Rb1 44. g5+ Kxg5 45. Rxb1 axb1Q 46. f6 Qb8 47. f7 Qg3+ 48. Kf1 Rd1+ 0-1

[Event "FRA-chT3 Gr5 0203"]
[Site "France"]
[Date "2002.10.13"]
[Round "1"]
[White "Derouineau, Jacques"]
[Black "Bigot, Bernard"]
[Result "1-0"]
[WhiteElo "2047"]
[BlackElo "1850"]
[PlyCount "117"]
[EventDate "2002.12.09"]
[EventType "team"]
[EventRounds "9"]
[EventCountry "FRA"]
[SourceTitle "EXT 2004"]
[Source "ChessBase"]
[SourceDate "2003.11.25"]
[SourceVersion "1"]
[SourceVersionDate "2003.11.25"]
[SourceQuality "1"]

1. e4 c6 2. Nc3 d5 3. d3 dxe4 4. Nxe4 Bf5 5. Nc3 Nf6 6. Nf3 e6 7. g3 Bd6 8. Bg2 h6 9. 0-0 0-0 10. h3 Nbd7 11. Be3 Re8 12. Nd4 Bh7 13. Qd2 Bf8 14. Rad1 Qc7 15. Qc1 Rad8 16. Rfe1 e5 17. Nb3 Nb6 18. Bc5 Nbd5 19. Bxf8 Kxf8 20. Ne4 Nxe4 21. dxe4 Nf6 22. Qe3 Qb6 23. Rxd8 Rxd8 24. Qc3 Qc7 25. Qc5+ Ke8 26. Qxa7 Nd7 27. Qe3 f6 28. Bf3 Bg6 29. Bg4 b6 30. Rd1 Nb8 31. Rxd8+ Qxd8 32. Nc1 Qd4 33. Qxd4 exd4 34. Bf3 c5 35. Bg2 Ke7 36. Kf1 Kd6 37. Ke2 Nc6 38. f4 Bf7 39. a3 c4 40. Kd2 Kc5 41. Ne2 b5 42. Ng1 Ne7 43. Nf3 Nc8 44. Ke2 Nb6 45. Nd2 b4 46. axb4+ Kxb4 47. Nf3 Kc5 48. Kd2 Na4 49. Kc1 Nb6 50. c3 d3 51. Nd4 g6 52. Bf3 Kd6 53. Bd1 Nd7 54. b4 cxb3 55. Bxb3 Ke7 56. Bxf7 Kxf7 57. Nb3 Ke7 58. Kd2 g5 59. Kxd3 1-0